Paroles - L'envie - Johnny Hallyday - Statistiques

Statistiques générales
  • Ce quiz a été pris 675 fois
  • Le résultat moyen est 245 sur 284
Statistiques - réponses
Réponse % Correct
donne
99%
donné
99%
le
99%
me
99%
Qu'on
99%
qu'on
99%
la
98%
La
98%
l'envie
97%
L'envie
97%
à
96%
et
96%
Et
96%
ma
96%
m'a
96%
les
95%
un
95%
d'avoir
94%
de
93%
envie
93%
qui
93%
Qui
93%
vie
93%
ce
92%
j'ai
92%
J'ai
92%
avant
90%
bien
90%
On
90%
des
89%
trop
89%
ces
88%
oublié
88%
choses
87%
faim
87%
festin
87%
lumière
87%
Toutes
87%
toutes
87%
aussi
86%
prix
86%
puis
86%
mercis
85%
Que
85%
que
85%
soif
85%
vivre
85%
avaient
84%
pour
84%
Pour
84%
rêves
84%
désir
82%
l'obscurité
82%
plaisir
82%
j'aime
78%
est
76%
font
75%
jour
68%
nuit
68%
enfin
67%
vain
67%
je
66%
rallume
66%
gens
64%
solitude
64%
m'enlève
62%
secondaire
62%
femmes
59%
l'amour
58%
froid
57%
maladie
57%
discours
55%
fasse
55%
flamme
54%
an
53%
m'enferme
52%
rêver
52%
silence
52%
retrouve
51%
toujours
50%
l'argent
49%
haine
48%
dormir
47%
être
43%
misère
43%
respecter
43%
terre
43%
Vaincre
43%
l'exil
40%
sain
40%
oublier
37%
aujourd'hui
35%
toucher
33%
peine
31%
Aucun quiz correspondant
Distribution des résultats
% des personnes avec chaque résultat
Percentile par nombre de réponses
Votre historique - résultats
Vous n’avez pas pris ce quiz